000
00290nam a2200109Ia 4500
008
200302s9999 xx 000 0 und d
100
_a
Eileen Harris
245
_a
British Architectural Books and Writers 1556-1785
260
_b
Cambridge University Press
260
_c
1990
300
_a
571 P.,
999
_c
1313
_d
1313